Electromagnetic fields
Na minha lista:
| Autor principal: | |
|---|---|
| Formato: | Livro |
| Idioma: | inglês |
| Publicado em: |
Nueva York
John Wiley and Sons
1986
|
| Edição: | 2a. ed |
| Assuntos: | |
| Tags: |
Adicionar Tag
Sem tags, seja o primeiro a adicionar uma tag!
|
MARC
| LEADER | 00000nam a2200000 a 4500 | ||
|---|---|---|---|
| 001 | UCW9257 | ||
| 003 | CL-VaPUC | ||
| 008 | 890105e19860000US |||||||||||||||||eng|d | ||
| 082 | 0 | 4 | |a 537 |b WAN |2 21 |
| 100 | 0 | |a Wangsness, Roald K |e author |9 314463 | |
| 245 | 1 | 0 | |a Electromagnetic fields |
| 250 | |a 2a. ed | ||
| 300 | |a 587 p | ||
| 942 | |c BK | ||
| 945 | |d 19890105 00:00:00 |a mfernand | ||
| 260 | |a Nueva York |b John Wiley and Sons |c 1986 | ||
| 650 | 7 | |a CAMPOS ELECTROMAGNETICOS |2 CL-VaPUC |9 264139 | |
| 583 | |a last modification |c 20171031 11:00:19 |k Rodrigo Vera | ||
| 999 | |c 221277 |d 221275 | ||
| 952 | |0 0 |1 0 |4 0 |6 537_000000000000000_WAN_1986 |7 0 |8 A |9 214440 |a BIBCUR |b BIBCUR |d 2019-11-15 |i 317879K |o 537 WAN 1986 |p 317879K |r 2025-04-22 |w 2019-11-15 |y BK |k BCB | ||